| 000 | 00509nam a2200193Ia 4500 | ||
|---|---|---|---|
| 005 | 20250508151707.0 | ||
| 008 | 008 250505s9999 xx 000 0 eng d | ||
| 037 | _aTextual | ||
| 040 |
_aFEDL _beng _cFEDL |
||
| 041 |
_aeng _2eng |
||
| 084 |
_a501, SHI _qFEDL |
||
| 100 |
_aSmith Victor C _9759758 |
||
| 245 | 0 | _aGeneral science | |
| 260 |
_aChicago, USA _bJ B Lippincott _c1955 |
||
| 300 | _a504p. | ||
| 700 |
_a Jones W E _9759759 |
||
| 942 |
_cTEXL _h501, SHI |
||
| 999 |
_c1331478 _d1331478 |
||